| 000 | 01290cam a2200277zu 4500 | ||
|---|---|---|---|
| 001 | 88819639 | ||
| 003 | FRCYB88819639 | ||
| 005 | 20251020123050.0 | ||
| 006 | m o d | ||
| 007 | cr un | ||
| 008 | 251020s2012 fr | o|||||0|0|||fre d | ||
| 020 | _a9782200272722 | ||
| 035 | _aFRCYB88819639 | ||
| 040 |
_aFR-PaCSA _bfr _c _erda |
||
| 100 | 1 | _aMarteau, Didier | |
| 245 | 0 | 1 |
_aLes marchés de capitaux _c['Marteau, Didier'] |
| 264 | 1 |
_bArmand Colin _c2012 |
|
| 300 | _a p. | ||
| 336 |
_btxt _2rdacontent |
||
| 337 |
_bc _2rdamdedia |
||
| 338 |
_bc _2rdacarrier |
||
| 650 | 0 | _a | |
| 700 | 0 | _aMarteau, Didier | |
| 856 | 4 | 0 |
_2Cyberlibris _uhttps://international.scholarvox.com/netsen/book/88819639 _qtext/html _a |
| 520 | _aToutes les clés du fonctionnement des marchés de capitaux : les différents segments des marchés, leurs interrelations, les mécanismes de propagation des chocs, le rôle essentiel des règles et du comportement des acteurs dans la formation ou la rupture des équilibres. Privilégiant l'approche micro-économique, l'ouvrage analyse les recommandations des différents G20 consécutifs à la crise de 2007-2008, exprimé sous la forme policée d'un objectif « de réduction de l'aléa moral sur les marchés financiers » . | ||
| 999 |
_c1552912 _d1552912 |
||